Datum a čas kvízu
38.5
Celkem bodů
Celkový počet nahraných bodů na tomto kvízu bez doplňovacích otázek.
2.
Pořadí na kvízu
Konečné umístění týmu na tomto kvízu.
Zaznamenané odpovědi
| # | Otázka | Odpověď | Body | Výsledky |
|---|---|---|---|---|
| 1. | Za zmanipulování televizní hry... | 1 | ||
| 2. | Americký astronaut Andrew Feus... | 1 | ||
| 3. | České herní studio Warhorse pr... | 1 | ||
| 4. | Síť fastfoodů KFC musela ve Ve... | 1 | ||
| 5. | V utkání druhé německé fotbalo... | 1 | ||
| 6. | Jistě se mezi Vámi najde mnoho... | 1 | ||
| 7. | Čemu nebo komu se ve vodáckém... | 1 | ||
| 8. | Místo, kde říční voda viditeln... | 1 | ||
| 9. | Část řeky, kde voda teče velmi... | 0 | ||
| 10. | Kanoistům se mezi vrcholovými... | 0 |